Fruit setting habit of hand-pollinated polyploid plants of Hevea brasiliensis (Record no. 59606)

MARC details
000 -LEADER
fixed length control field 00346nam a2200121Ia 4500
100 ## - MAIN ENTRY--AUTHOR NAME
Personal name Lu Yonglin
245 #0 - TITLE STATEMENT
Title Fruit setting habit of hand-pollinated polyploid plants of Hevea brasiliensis
650 ## - SUBJECT ADDED ENTRY--TOPICAL TERM
Topical Term Hand pollination
650 ## - SUBJECT ADDED ENTRY--TOPICAL TERM
Topical Term Polyploid rubber tree
700 ## - ADDED ENTRY--PERSONAL NAME
Personal name Li Welliam
942 ## - ADDED ENTRY ELEMENTS (KOHA)
Koha item type Journals
Holdings
Withdrawn status Lost status Damaged status Not for loan Home library Current library Date acquired Koha item type
      Journals RRII Library RRII Library 17/12/2021 Journals